000 00287nam a22001337a 4500
008 170629b xxu||||| |||| 00| 0 eng d
020 _a9780312578619
041 _aeng
080 _a82
100 _a22
101 _aGJL
245 _aSEEING & WRITING 4
_cMCQUADE, D
942 _2udc
_cBK
999 _c19531
_d19531